[Event "Play for Durgesh Fundraiser Blitz"]
[Site "Vishy Anand Arena"]
[Date "2020.09.19"]
[Round "1"]
[White "SHANKHADEEP2006"]
[Black "Adireddyarjun"]
[Result "1/2-1/2"]
[WhiteElo "1660"]
[BlackElo "1534"]
[Annotator "NA"]
[PlyCount "240"]
[EventDate "2020.09.19"]
[EventType "swiss (blitz)"]

1. e4 c5 2. Nf3 d6 3. Bb5+ Nd7 4. Bxd7+ Bxd7 5. O-O Nf6 6. Re1 g6 7. d4 cxd4 8. Qxd4 Bg7 9. e5 dxe5 10. Qxe5 O-O 11. Qxe7 Qxe7 12. Rxe7 Rad8 13. Be3 Be6 14. Nc3 Rd7 15. Rxd7 Nxd7 16. Bd4 Bf6 17. Bxf6 Nxf6 18. Rd1 a6 19. Nd4 Bd7 20. Nb3 Rc8 21. h3 Be6 22. Nd4 Bc4 23. Nf3 b5 24. Rd6 Ne8 25. Rb6 Nc7 26. Rc6 Kf8 27. b3 Be6 28. Ng5 Ke7 29. Nxh7 f6 30. Ne2 Kd7 31. Rc3 Ne8 32. Rxc8 Kxc8 33. Nd4 Bd5 34. Nf8 g5 35. Nfe6 Kd7 36. Nc5+ Kd6 37. Nd3 a5 38. Nxb5+ Kd7 39. Nd4 Nd6 40. Nc5+ Ke7 41. c4 Ba8 42. a3 f5 43. b4 axb4 44. axb4 f4 45. b5 Nxc4 46. Nc6+ Kd6 47. Ne4+ Kd5 48. Nxg5 Nd6 49. Ne7+ Ke5 50. Nf3+ Bxf3 51. gxf3 Nxb5 52. Nc6+ Kf5 53. Nb4 Nd4 54. Nd3 Ne2+ 55. Kg2 Nc3 56. Ne1 Nd5 57. h4 Nf6 58. Kh3 Nh5 59. Ng2 Ng7 60. h5 Nxh5 61. Nxf4 Nxf4+ 62. Kg3 Ne6 63. f4 Ng7 64. f3 Ne8 65. Kh4 Nd6 66. Kh5 Nc4 67. Kh6 Ne3 68. Kg7 Ng2 69. Kf8 Ne1 70. Ke7 Nd3 71. Kd6 Nxf4 72. Kc5 Ng6 73. Kb6 Kf4 74. Ka7 Nh4 75. Ka8 Nf5 76. Kb7 Ng3 77. Kb8 Ne2 78. Kc7 Nd4 79. Kc8 Nf5 80. Kd8 Nh6 81. Ke7 Nf5+ 82. Kf8 Nh4 83. Ke8 Ng2 84. Kd8 Ne1 85. Kc8 Nd3 86. Kb8 Ne5 87. Ka8 Nc4 88. Ka7 Nb2 89. Ka6 Nd3 90. Ka5 Nf2 91. Ka4 Nd1 92. Ka3 Ne3 93. Ka2 Nd5 94. Ka1 Ne7 95. Kb1 Nf5 96. Kc1 Nd4 97. Kd1 Nb5 98. Kd2 Nc7 99. Kd3 Ne6 100. Kc4 Ng5 101. Kb5 Ne6 102. Ka6 Nd4 103. Kb7 Ne2 104. Ka8 Nc3 105. Kb8 Nd1 106. Ka8 Ne3 107. Kb8 Nc2 108. Ka8 Nd4 109. Kb8 Ne2 110. Ka8 Ng3 111. Kb8 Nf5 112. Ka8 Nd4 113. Kb8 Nb3 114. Ka8 Nc1 115. Kb8 Nd3 116. Ka8 Nf2 117. Kb8 Nd1 118. Ka8 Ne3 119. Kb8 Nc2 120. Ka8 Nd4 1/2-1/2

[Event "Play for Durgesh Fundraiser Blitz"]
[Site "Vishy Anand Arena"]
[Date "2020.09.19"]
[Round "1"]
[White "Namanjain2005"]
[Black "KaranAbbi"]
[Result "0-1"]
[WhiteElo "1650"]
[BlackElo "1620"]
[Annotator "NA"]
[PlyCount "38"]
[EventDate "2020.09.19"]
[EventType "swiss (blitz)"]

1. e4 e5 2. Nf3 Nc6 3. Bb5 a6 4. Ba4 Nf6 5. O-O Bc5 6. Re1 Ng4 7. Re2 Nd4 8. Nxd4 exd4 9. d3 O-O 10. Re1 Qh4 11. Bf4 Qxf2+ 12. Kh1 Qxf4 13. g3 Qf2 14. Re2 Qf3+ 15. Kg1 Nf2 16. Qf1 Nh3+ 17. Qxh3 Qxe2 18. Na3 d5 19. exd5 Bxh3 0-1

[Event "Play for Durgesh Fundraiser Blitz"]
[Site "Vishy Anand Arena"]
[Date "2020.09.19"]
[Round "1"]
[White "Aneesh009"]
[Black "Tejesh Reddy"]
[Result "1-0"]
[WhiteElo "1647"]
[BlackElo "1620"]
[Annotator "NA"]
[PlyCount "55"]
[EventDate "2020.09.19"]
[EventType "swiss (blitz)"]

1. e4 e5 2. Nf3 Nc6 3. Bc4 Nf6 4. Ng5 d5 5. exd5 Nxd5 6. Nxf7 Kxf7 7. Qf3+ Ke8 8. Bxd5 Qd7 9. Bxc6 bxc6 10. O-O Qd6 11. Nc3 Qd7 12. d3 Qd6 13. Ne4 Qd7 14. Be3 Qd6 15. Nxd6+ Kd8 16. Qxc6 Ke7 17. Nf5+ Bxf5 18. Bc5+ Kd8 19. Qxa8+ Kd7 20. Bxa7 Ke7 21. Qd5 Kf6 22. d4 Kg5 23. Qxe5 Kh5 24. Qxf5+ g5 25. f4 h6 26. fxg5 hxg5 27. Rf3 Be7 28. Rh3# 1-0

[Event "Play for Durgesh Fundraiser Blitz"]
[Site "Vishy Anand Arena"]
[Date "2020.09.19"]
[Round "1"]
[White "Shreyansh1"]
[Black "Adt1999"]
[Result "0-1"]
[WhiteElo "1647"]
[BlackElo "1463"]
[Annotator "NA"]
[PlyCount "25"]
[EventDate "2020.09.19"]
[EventType "swiss (blitz)"]

1. d4 Nf6 2. c4 g6 3. Nc3 Bg7 4. e4 d6 5. Nf3 O-O 6. Bd3 Bg4 7. O-O a6 8. e5 dxe5 9. dxe5 Nfd7 10. Be2 Bxf3 11. Bxf3 c6 12. Qe2 Nxe5 13. Rd1 0-1

[Event "Play for Durgesh Fundraiser Blitz"]
[Site "Vishy Anand Arena"]
[Date "2020.09.19"]
[Round "1"]
[White "Ritwik chess"]
[Black "ROHIT_VERMA"]
[Result "1-0"]
[WhiteElo "1644"]
[BlackElo "1552"]
[Annotator "NA"]
[PlyCount "59"]
[EventDate "2020.09.19"]
[EventType "swiss (blitz)"]

1. c4 c5 2. g3 Nc6 3. Bg2 d6 4. Nf3 Nf6 5. O-O e6 6. Nc3 Be7 7. e3 O-O 8. d4 b6 9. dxc5 dxc5 10. Ne5 Nxe5 11. Bxa8 Nxc4 12. Bg2 Ba6 13. Re1 Qc7 14. b3 Nd6 15. Qc2 Rd8 16. Bb2 Bb7 17. Rad1 Nde4 18. Nxe4 Nxe4 19. Bxe4 Rxd1 20. Rxd1 Bxe4 21. Qxe4 h6 22. Qe5 Qxe5 23. Bxe5 Kf8 24. Rd7 f6 25. Bd6 Ke8 26. Rxe7+ Kd8 27. Rxg7 e5 28. Be7+ Ke8 29. Bxf6 Kf8 30. Rxa7 1-0

[Event "Play for Durgesh Fundraiser Blitz"]
[Site "Vishy Anand Arena"]
[Date "2020.09.19"]
[Round "1"]
[White "Abdulkalam25677853"]
[Black "Alan K thomas"]
[Result "1-0"]
[WhiteElo "1640"]
[BlackElo "1533"]
[Annotator "NA"]
[PlyCount "127"]
[EventDate "2020.09.19"]
[EventType "swiss (blitz)"]

1. d4 Nf6 2. Nf3 d5 3. c4 c6 4. Nc3 Bf5 5. cxd5 cxd5 6. Qb3 Qb6 7. Nxd5 Nxd5 8. Qxd5 e6 9. Qc4 Qb4+ 10. Qxb4 Bxb4+ 11. Bd2 Bxd2+ 12. Nxd2 Nc6 13. e3 O-O 14. Be2 Nb4 15. O-O Rac8 16. a3 Nc6 17. Rac1 Ne7 18. Bf3 b6 19. Rfd1 Rfd8 20. Nc4 Rc7 21. Ne5 Rdc8 22. Rxc7 Rxc7 23. e4 Bg6 24. h3 h6 25. Kf1 f6 26. Nxg6 Nxg6 27. d5 exd5 28. exd5 Rd7 29. Bg4 Rd6 30. Be6+ Kf8 31. Rc1 Nf4 32. Rc8+ Ke7 33. Rc7+ Kf8 34. Rf7+ Ke8 35. Rxg7 Nxe6 36. dxe6 a5 37. Rg6 Ke7 38. Rxh6 Kxe6 39. Rh4 Kf5 40. Ke2 Ke5 41. f3 Rc6 42. Re4+ Kf5 43. Kd2 Rd6+ 44. Kc3 Rc6+ 45. Kb3 b5 46. Re8 Rd6 47. Rb8 Rd3+ 48. Kc2 Rd5 49. a4 Rc5+ 50. Kb3 b4 51. Rb5 Ke5 52. Rxc5+ Ke6 53. Rxa5 Kf7 54. Rb5 Kg6 55. Rxb4 Kf7 56. a5 Kg6 57. a6 Kg5 58. a7 Kg6 59. a8=Q Kf7 60. Rc4 Kg7 61. Qe4 Kh6 62. Rc7 Kh5 63. Rh7+ Kg5 64. f4# 1-0

[Event "Play for Durgesh Fundraiser Blitz"]
[Site "Vishy Anand Arena"]
[Date "2020.09.19"]
[Round "1"]
[White "Prochamp27"]
[Black "ArkaCHESS"]
[Result "1-0"]
[WhiteElo "1636"]
[BlackElo "1447"]
[Annotator "NA"]
[PlyCount "83"]
[EventDate "2020.09.19"]
[EventType "swiss (blitz)"]

1. e4 c5 2. Nf3 d6 3. Nc3 Nf6 4. d4 cxd4 5. Nxd4 Nc6 6. Bb5 Bd7 7. Nxc6 bxc6 8. Ba4 Qb6 9. O-O e6 10. Bg5 Qd8 11. f4 d5 12. e5 h6 13. exf6 hxg5 14. fxg7 Bxg7 15. fxg5 Qxg5 16. Qf3 Qh5 17. h3 Qxf3 18. Rxf3 Bxc3 19. bxc3 Rb8 20. Raf1 Rh7 21. Rg3 Kf8 22. Rg5 Rg7 23. Rxg7 Kxg7 24. Kh2 Rb2 25. Bb3 a5 26. a4 c5 27. Rf2 c4 28. Bxc4 dxc4 29. Rd2 Bxa4 30. Rd4 Bb5 31. h4 a4 32. Rd8 a3 33. Ra8 a2 34. h5 Rxc2 35. Kh3 Rxc3+ 36. g3 Rc2 37. Kh4 Rb2 38. Kg5 c3 39. h6+ Kh7 40. Kf6 c2 41. Rf8 Kxh6 42. Rh8# 1-0

[Event "Play for Durgesh Fundraiser Blitz"]
[Site "Vishy Anand Arena"]
[Date "2020.09.19"]
[Round "1"]
[White "Shashank Karanam"]
[Black "Nishu123"]
[Result "1-0"]
[WhiteElo "1633"]
[BlackElo "1620"]
[Annotator "NA"]
[PlyCount "55"]
[EventDate "2020.09.19"]
[EventType "swiss (blitz)"]

1. e4 e5 2. Nf3 Nc6 3. Bc4 Bc5 4. c3 Nf6 5. d4 exd4 6. cxd4 Bd6 7. e5 Bb4+ 8. Bd2 Bxd2+ 9. Nbxd2 Ng4 10. h3 Nh6 11. d5 Ne7 12. d6 cxd6 13. exd6 Nef5 14. Ne4 O-O 15. O-O b6 16. Qd5 Ne7 17. dxe7 Qxe7 18. Qxa8 Ba6 19. Qd5 Bxc4 20. Qxc4 Qe8 21. Rfe1 Qb8 22. Neg5 Kh8 23. Ne5 f6 24. Nef7+ Nxf7 25. Nxf7+ Kg8 26. Nh6+ Kh8 27. Qg8+ Rxg8 28. Nf7# 1-0

[Event "Play for Durgesh Fundraiser Blitz"]
[Site "Vishy Anand Arena"]
[Date "2020.09.19"]
[Round "1"]
[White "Castle_64"]
[Black "Anant123"]
[Result "1-0"]
[WhiteElo "1629"]
[BlackElo "1440"]
[Annotator "NA"]
[PlyCount "85"]
[EventDate "2020.09.19"]
[EventType "swiss (blitz)"]

1. e4 Nc6 2. d4 e5 3. d5 Nce7 4. c4 Ng6 5. Nc3 Nf6 6. Nf3 Bb4 7. Bd3 Bxc3+ 8. bxc3 d6 9. O-O O-O 10. Rb1 b6 11. Nd2 Nf4 12. Be2 Qd7 13. Re1 Ne8 14. Nf1 f5 15. Bxf4 exf4 16. exf5 Qxf5 17. Bd3 Qg5 18. Qf3 Bg4 19. Qe4 Nf6 20. Qd4 Bh3 21. g3 fxg3 22. Nxg3 Nh5 23. Bf1 Nxg3 24. hxg3 Qh6 25. Bxh3 Qxh3 26. Qh4 Qxh4 27. gxh4 Rf6 28. Re6 Raf8 29. Rxf6 Rxf6 30. Re1 Rf4 31. Re8+ Kf7 32. Rc8 Rxc4 33. Ra8 Rxc3 34. Rxa7 Rc2 35. a4 Rc1+ 36. Kg2 Rc2 37. a5 Rc5 38. axb6 Ke8 39. b7 Kd7 40. b8=Q Rxd5 41. Rxc7+ Ke6 42. Qe8+ Kf5 43. Rf7+ 1-0

[Event "Play for Durgesh Fundraiser Blitz"]
[Site "Vishy Anand Arena"]
[Date "2020.09.19"]
[Round "1"]
[White "HarshPandit"]
[Black "Adit pushan"]
[Result "0-1"]
[WhiteElo "1628"]
[BlackElo "1638"]
[Annotator "NA"]
[PlyCount "114"]
[EventDate "2020.09.19"]
[EventType "swiss (blitz)"]

1. d4 Nf6 2. c4 e6 3. Nc3 d5 4. Bg5 dxc4 5. Nf3 h6 6. Bh4 c5 7. dxc5 Qxd1+ 8. Rxd1 Bxc5 9. e4 g5 10. Bg3 Nc6 11. Bxc4 O-O 12. e5 Nd7 13. O-O Nb6 14. Bb3 Na5 15. Bc2 Bd7 16. Ne4 Be7 17. Nd6 Bxd6 18. exd6 Rac8 19. Bb1 Nbc4 20. b3 Na3 21. Be4 f5 22. Bb1 f4 23. Bxf4 Rxf4 24. Ne5 Rd8 25. Ng6 Rf7 26. Ne7+ Kg7 27. Rfe1 Nc6 28. Nxc6 bxc6 29. Bd3 Rdf8 30. f3 Nb5 31. Be4 Nc3 32. Rd2 Nxe4 33. Rxe4 Rf4 34. Re5 R4f5 35. Re4 Ra5 36. Rc4 Rd5 37. Rxd5 exd5 38. Ra4 Ra8 39. Kf2 Kf6 40. h4 Ke6 41. hxg5 hxg5 42. Rg4 Kxd6 43. Rxg5 c5 44. Ke3 Be6 45. Kd3 d4 46. Kd2 a5 47. Rg6 a4 48. bxa4 Rxa4 49. f4 Rxa2+ 50. Kd1 Kd5 51. f5 Bxf5 52. Rg5 Ke4 53. g4 Rg2 54. Rxf5 c4 55. Rc5 c3 56. g5 d3 57. Kc1 Rg1# 0-1

[Event "Play for Durgesh Fundraiser Blitz"]
[Site "Vishy Anand Arena"]
[Date "2020.09.19"]
[Round "1"]
[White "Tchitnis"]
[Black "Sml_hari"]
[Result "1-0"]
[WhiteElo "1626"]
[BlackElo "1640"]
[Annotator "NA"]
[PlyCount "91"]
[EventDate "2020.09.19"]
[EventType "swiss (blitz)"]

1. e4 e6 2. d4 d5 3. e5 c5 4. c3 Bd7 5. Be3 Nc6 6. Qd2 Nge7 7. a3 Ng6 8. Nf3 Qc7 9. Bd3 cxd4 10. cxd4 Rc8 11. b4 a6 12. Nc3 b5 13. O-O Be7 14. Rac1 Qb6 15. Bb1 O-O 16. Ne2 Rfe8 17. Nf4 Bf8 18. Nxg6 hxg6 19. h4 Ne7 20. Qd3 Nf5 21. h5 gxh5 22. Nh4 g6 23. Nxf5 exf5 24. Bg5 Be6 25. Qe3 Kh7 26. Bf6 Qb7 27. Qg5 Rxc1 28. Rxc1 Rc8 29. Rf1 Qc7 30. f3 Bh6 31. Qh4 Qc3 32. g4 Qe3+ 33. Kg2 fxg4 34. fxg4 Qe2+ 35. Rf2 Qxg4+ 36. Qxg4 Bxg4 37. Be7 Kg8 38. Bc5 Be6 39. Bd3 Kg7 40. Rf3 Rc7 41. Kg3 Rb7 42. Rf2 Bc1 43. Rc2 Bg5 44. Rc3 h4+ 45. Kg2 h3+ 46. Kh2 1-0

[Event "Play for Durgesh Fundraiser Blitz"]
[Site "Vishy Anand Arena"]
[Date "2020.09.19"]
[Round "1"]
[White "Aarav810"]
[Black "Terryr"]
[Result "0-1"]
[WhiteElo "1620"]
[BlackElo "2479"]
[Annotator "NA"]
[PlyCount "54"]
[EventDate "2020.09.19"]
[EventType "swiss (blitz)"]

1. e4 e6 2. Nf3 d5 3. exd5 exd5 4. d4 Nc6 5. Bf4 Bd6 6. Bg3 Nge7 7. Be2 O-O 8. O-O Re8 9. Nc3 a6 10. Re1 Bxg3 11. hxg3 h6 12. Bd3 Bg4 13. Be2 Qd6 14. Ne5 Bxe2 15. Rxe2 Rad8 16. Nxc6 Nxc6 17. Rxe8+ Rxe8 18. Qg4 Re6 19. Rd1 Ne7 20. Qf3 c6 21. Ne2 Ng6 22. c3 Qe7 23. Kf1 Re4 24. Nc1 Nf8 25. Nd3 Nd7 26. Re1 Qe6 27. Nf4 Rxe1# 0-1

[Event "Play for Durgesh Fundraiser Blitz"]
[Site "Vishy Anand Arena"]
[Date "2020.09.19"]
[Round "1"]
[White "Abhiharry726"]
[Black "Rasulov Vugar"]
[Result "0-1"]
[WhiteElo "1620"]
[BlackElo "2501"]
[Annotator "NA"]
[PlyCount "76"]
[EventDate "2020.09.19"]
[EventType "swiss (blitz)"]

1. e4 Nf6 2. Nf3 Nxe4 3. d3 Nf6 4. Bg5 g6 5. Be2 Bg7 6. O-O O-O 7. Nc3 d6 8. h3 Nc6 9. Re1 h6 10. Bh4 e5 11. Ne4 d5 12. Nxf6+ Bxf6 13. Bxf6 Qxf6 14. c3 Be6 15. Bf1 Rfe8 16. Qc2 Bxh3 17. Qd2 Bg4 18. Nh2 h5 19. Nxg4 hxg4 20. Qh6 Qf4 21. Qxf4 exf4 22. Rxe8+ Rxe8 23. d4 Kg7 24. b4 f5 25. Bb5 Kf6 26. Kh2 a6 27. Bxc6 bxc6 28. Rg1 Re2 29. a4 Rxf2 30. b5 cxb5 31. axb5 axb5 32. Rb1 c6 33. Ra1 f3 34. Kg1 Rxg2+ 35. Kf1 g3 36. Ra6 Rc2 37. Rxc6+ Kg5 38. c4 Rc1# 0-1

[Event "Play for Durgesh Fundraiser Blitz"]
[Site "Vishy Anand Arena"]
[Date "2020.09.19"]
[Round "1"]
[White "Ahaanmehta"]
[Black "Govin4475"]
[Result "1-0"]
[WhiteElo "1620"]
[BlackElo "1174"]
[Annotator "NA"]
[PlyCount "97"]
[EventDate "2020.09.19"]
[EventType "swiss (blitz)"]

1. e4 c5 2. Nf3 d6 3. d4 cxd4 4. Nxd4 Nf6 5. Nc3 a6 6. a3 e5 7. Nf3 Be7 8. Be3 Nc6 9. Be2 b5 10. O-O Be6 11. Qd3 Bc4 12. Qd2 Bxe2 13. Qxe2 Rc8 14. Rad1 Nd4 15. Nxd4 exd4 16. Bxd4 Rc4 17. f3 O-O 18. e5 dxe5 19. Bxe5 Qb6+ 20. Kh1 Bc5 21. Bxf6 Qxf6 22. Ne4 Qxb2 23. Nxc5 Rxc5 24. Rc1 Qxa3 25. Rfe1 Rcc8 26. h3 Rfe8 27. Qxe8+ Rxe8 28. Rxe8+ Qf8 29. Rxf8+ Kxf8 30. Ra1 Ke7 31. Rxa6 Kd7 32. Rb6 Kc7 33. Rxb5 Kc6 34. Rb3 f5 35. Kg1 g6 36. Kf2 Kd5 37. Ke3 Kc4 38. Rb7 Kc3 39. Rc7+ Kb2 40. c4 h5 41. c5 g5 42. c6 f4+ 43. Ke4 Kc3 44. Rb7 Kd2 45. c7 g4 46. c8=Q gxf3 47. Rd7+ Ke2 48. Qc2+ Kf1 49. Rd1# 1-0

[Event "Play for Durgesh Fundraiser Blitz"]
[Site "Vishy Anand Arena"]
[Date "2020.09.19"]
[Round "1"]
[White "An_2356"]
[Black "Henrik"]
[Result "1-0"]
[WhiteElo "1620"]
[BlackElo "1825"]
[Annotator "NA"]
[PlyCount "63"]
[EventDate "2020.09.19"]
[EventType "swiss (blitz)"]
[BlackTeam "SK Gründau"]

1. e4 c6 2. d4 d5 3. Nc3 dxe4 4. Nxe4 Nd7 5. Nf3 Ngf6 6. Nxf6+ Nxf6 7. c3 Bg4 8. Be2 e6 9. h3 Bh5 10. Bd2 Bd6 11. O-O O-O 12. Ne5 Bxe2 13. Qxe2 Qc7 14. f4 c5 15. g4 Rad8 16. Rac1 Qb6 17. Nc4 Qa6 18. Rf2 cxd4 19. cxd4 Bb8 20. Bc3 Nd5 21. Qf1 Qxa2 22. Ra1 Qb3 23. Ra3 Qb5 24. Ra5 Qc6 25. Rc5 Qd7 26. Qg2 Nxc3 27. bxc3 b6 28. Rh5 g6 29. Qe4 gxh5 30. gxh5 f6 31. Rg2+ Kh8 32. h6 1-0

[Event "Play for Durgesh Fundraiser Blitz"]
[Site "Vishy Anand Arena"]
[Date "2020.09.19"]
[Round "1"]
[White "Arjunkhandelwal"]
[Black "Rohan sri hari"]
[Result "1-0"]
[WhiteElo "1620"]
[BlackElo "1463"]
[Annotator "NA"]
[PlyCount "125"]
[EventDate "2020.09.19"]
[EventType "swiss (blitz)"]

1. e4 e6 2. d3 d5 3. Nd2 c5 4. Ngf3 Nc6 5. g3 Nf6 6. Bg2 Be7 7. O-O O-O 8. e5 Nd7 9. Re1 Qc7 10. Qe2 b6 11. Nf1 Bb7 12. Bf4 h6 13. h4 Rac8 14. Ne3 Nd4 15. Qd2 Nxf3+ 16. Bxf3 d4 17. Bxb7 dxe3 18. Bxe3 Qxb7 19. Qe2 Qc7 20. Rad1 Rfe8 21. Rd2 Rcd8 22. Qg4 Nf8 23. Bxh6 g6 24. h5 Rd4 25. Re4 Rxe4 26. Qxe4 Rd8 27. c3 Kh7 28. Qe3 Rd5 29. Qf4 Bd8 30. Bxf8 Rxe5 31. hxg6+ fxg6 32. Qh6+ Kg8 33. f4 Rd5 34. Re2 Qh7 35. Qxh7+ Kxh7 36. Rxe6 Rd7 37. Rd6 Rxd6 38. Bxd6 Kg7 39. Kf2 Kf6 40. Ke3 Ke6 41. Be5 Bf6 42. Ke4 Be7 43. d4 cxd4 44. cxd4 Bd8 45. d5+ Ke7 46. Kd4 Kd7 47. d6 a6 48. Kd5 b5 49. g4 Bb6 50. f5 gxf5 51. gxf5 Bd8 52. f6 Ke8 53. Ke6 a5 54. d7+ Kf8 55. Bd6+ Kg8 56. f7+ Kh7 57. f8=Q Kg6 58. Qf6+ Kh5 59. Bf4 Kg4 60. Qg5+ Kf3 61. Qg3+ Ke2 62. Qe3+ Kd1 63. Qd2# 1-0

[Event "Play for Durgesh Fundraiser Blitz"]
[Site "Vishy Anand Arena"]
[Date "2020.09.19"]
[Round "1"]
[White "Aryamegha_tumari"]
[Black "lsr"]
[Result "0-1"]
[WhiteElo "1620"]
[BlackElo "2168"]
[PlyCount "78"]
[EventDate "2020.09.19"]
[EventType "swiss (blitz)"]

1. e4 d6 2. Nc3 Nf6 3. Bc4 e5 4. Nf3 Be7 5. O-O O-O 6. d3 c6 7. a3 Bg4 8. h3 Bh5 9. Be3 d5 10. exd5 cxd5 11. Bb3 d4 12. Ne4 Nxe4 13. dxe4 dxe3 14. Qxd8 Rxd8 15. Nxe5 Nc6 16. Nxc6 exf2+ 17. Rxf2 bxc6 18. Bc4 Bc5 19. g4 Bxf2+ 20. Kxf2 Bg6 21. Re1 Kf8 22. h4 h5 23. gxh5 Bxh5 24. c3 Rd2+ 25. Be2 Rxb2 26. Kf1 Rxe2 27. Rxe2 Bxe2+ 28. Kxe2 Rb8 29. Kd3 Ke7 30. Kc4 Rh8 31. Kc5 Kd7 32. c4 Rh5+ 33. Kd4 c5+ 34. Kc3 Rxh4 35. Kb3 Rh3+ 36. Ka4 Kc6 37. e5 g5 38. e6 fxe6 39. Ka5 Rxa3# 0-1

[Event "Play for Durgesh Fundraiser Blitz"]
[Site "Vishy Anand Arena"]
[Date "2020.09.19"]
[Round "1"]
[White "Avichaljadeja02"]
[Black "SidharthS"]
[Result "1-0"]
[WhiteElo "1620"]
[BlackElo "1575"]
[Annotator "NA"]
[PlyCount "73"]
[EventDate "2020.09.19"]
[EventType "swiss (blitz)"]

1. e4 e5 2. Nf3 Nc6 3. d4 exd4 4. Bc4 Bc5 5. O-O Nf6 6. e5 d5 7. Bb5 Nd7 8. c3 dxc3 9. Nxc3 Nb6 10. Bg5 f6 11. exf6 gxf6 12. Bh6 Kf7 13. Re1 Rg8 14. Qd3 f5 15. Bg5 Rxg5 16. Nxg5+ Qxg5 17. Nxd5 Nxd5 18. Qxd5+ Kg7 19. Qxc5 Bd7 20. Bxc6 Bxc6 21. Qe7+ Qxe7 22. Rxe7+ Kf6 23. Rae1 Rd8 24. h3 Rd2 25. Rxc7 Rxb2 26. Rxh7 Rxa2 27. Ree7 Ra4 28. Rhf7+ Kg6 29. Rg7+ Kh6 30. Ref7 Kh5 31. g4+ Kh6 32. g5+ Kh5 33. Rf6 Ra1+ 34. Kh2 Rh1+ 35. Kg3 Rg1+ 36. Kf4 Rf1 37. Rh6# 1-0

[Event "Play for Durgesh Fundraiser Blitz"]
[Site "Vishy Anand Arena"]
[Date "2020.09.19"]
[Round "1"]
[White "Captain marvel"]
[Black "Prajwalpshenoy"]
[Result "*"]
[WhiteElo "1620"]
[BlackElo "1451"]
[Annotator "NA"]
[PlyCount "34"]
[EventDate "2020.09.19"]
[EventType "swiss (blitz)"]

1. e4 e6 2. Nf3 d5 3. Nc3 Nf6 4. e5 Nfd7 5. d4 c5 6. dxc5 Bxc5 7. Bd3 Nc6 8. O-O Ndxe5 9. Nxe5 Nxe5 10. Bb5+ Bd7 11. Bxd7+ Nxd7 12. Qg4 O-O 13. Bh6 Qf6 14. Bg5 Qg6 15. h4 h6 16. g3 hxg5 17. hxg5 Nf6 *

[Event "Play for Durgesh Fundraiser Blitz"]
[Site "Vishy Anand Arena"]
[Date "2020.09.19"]
[Round "1"]
[White "Chess_king123"]
[Black "Ilamparthi"]
[Result "0-1"]
[WhiteElo "1620"]
[BlackElo "2146"]
[Annotator "NA"]
[PlyCount "62"]
[EventDate "2020.09.19"]
[EventType "swiss (blitz)"]

1. e4 c5 2. Nc3 Nc6 3. f4 e6 4. Nf3 Nge7 5. Bc4 d5 6. exd5 exd5 7. Bb3 c4 8. Ba4 a6 9. Bxc6+ Nxc6 10. O-O Bc5+ 11. Kh1 O-O 12. d4 Be7 13. Qe1 b5 14. Qg3 b4 15. Ne2 Bf5 16. c3 Bd3 17. Re1 Re8 18. Ne5 Nxe5 19. fxe5 Bh4 20. Qg4 Bxe1 21. Bh6 Bg6 22. Bg5 f6 23. exf6 gxf6 24. Bh6 f5 25. Qf4 Qh4 26. Qxh4 Bxh4 27. Nf4 Re4 28. Nxg6 hxg6 29. cxb4 Rae8 30. h3 Bg3 31. Rf1 Re1 0-1

[Event "Play for Durgesh Fundraiser Blitz"]
[Site "Vishy Anand Arena"]
[Date "2020.09.19"]
[Round "1"]
[White "Dhruvika"]
[Black "ArunaD"]
[Result "0-1"]
[WhiteElo "1620"]
[BlackElo "1572"]
[Annotator "NA"]
[PlyCount "22"]
[EventDate "2020.09.19"]
[EventType "swiss (blitz)"]

1. e4 e5 2. d4 exd4 3. Qxd4 Nc6 4. Qd1 Bc5 5. Nf3 d6 6. Be2 Nf6 7. O-O Be6 8. Re1 Qd7 9. Bd2 Nxe4 10. Bc1 Nxf2 11. Qd2 Ne4+ 0-1

[Event "Play for Durgesh Fundraiser Blitz"]
[Site "Vishy Anand Arena"]
[Date "2020.09.19"]
[Round "1"]
[White "Gskaavya"]
[Black "VedTheKnight"]
[Result "0-1"]
[WhiteElo "1620"]
[BlackElo "1773"]
[Annotator "NA"]
[PlyCount "78"]
[EventDate "2020.09.19"]
[EventType "swiss (blitz)"]

1. e4 c5 2. Nf3 g6 3. c3 Bg7 4. d4 cxd4 5. cxd4 d5 6. e5 f6 7. Nc3 a6 8. Be2 Nc6 9. Bf4 Nh6 10. h3 O-O 11. Qd2 Nf5 12. exf6 exf6 13. g4 Nfe7 14. O-O-O b5 15. Bh6 Be6 16. Bxg7 Kxg7 17. g5 f5 18. h4 Rc8 19. Kb1 b4 20. Na4 Qa5 21. Nc5 Bg8 22. h5 b3 23. Nxb3 Qxd2 24. Rxd2 a5 25. h6+ Kh8 26. Nc5 f4 27. Rh4 Nd8 28. Nd7 Rf5 29. Bd3 Rf7 30. Nfe5 Nf5 31. Nxf7+ Bxf7 32. Bxf5 gxf5 33. Rxf4 Bg6 34. Nc5 Rc6 35. Re2 Kg8 36. Re7 Kf8 37. Ra7 Nf7 38. Rxa5 Nxg5 39. Ra8+ Ke7 0-1

[Event "Play for Durgesh Fundraiser Blitz"]
[Site "Vishy Anand Arena"]
[Date "2020.09.19"]
[Round "1"]
[White "Harshpatil"]
[Black "Zoyanizar"]
[Result "0-1"]
[WhiteElo "1620"]
[BlackElo "1318"]
[Annotator "NA"]
[PlyCount "42"]
[EventDate "2020.09.19"]
[EventType "swiss (blitz)"]

1. e4 c5 2. Nf3 e6 3. d4 cxd4 4. Nxd4 Nc6 5. Nxc6 bxc6 6. Bc4 Nf6 7. e5 Nd5 8. Bxd5 cxd5 9. O-O Ba6 10. Re1 d6 11. exd6 Bxd6 12. Nc3 O-O 13. Be3 Qc7 14. Qh5 Rfc8 15. Bd4 Bc5 16. Be5 Bd6 17. Qg5 Bxe5 18. Qxe5 Qxe5 19. Rxe5 Rab8 20. b3 Rxc3 21. Rc1 Rbc8 0-1

[Event "Play for Durgesh Fundraiser Blitz"]
[Site "Vishy Anand Arena"]
[Date "2020.09.19"]
[Round "1"]
[White "IshaanKher"]
[Black "Believe1996"]
[Result "0-1"]
[WhiteElo "1620"]
[BlackElo "1278"]
[Annotator "NA"]
[PlyCount "62"]
[EventDate "2020.09.19"]
[EventType "swiss (blitz)"]

1. e4 d5 2. exd5 Qxd5 3. Qf3 Qd8 4. d3 Nf6 5. Bg5 e6 6. Bxf6 Qxf6 7. Qxf6 gxf6 8. Nd2 Nc6 9. O-O-O Bd7 10. Be2 O-O-O 11. Nh3 e5 12. f4 Bxh3 13. gxh3 Bh6 14. fxe5 fxe5 15. Rhf1 Rdf8 16. Bh5 Bf4 17. Rde1 f6 18. Bg4+ Kb8 19. d4 h5 20. Bf5 Bxh2 21. Be4 Nxd4 22. c3 Ne6 23. Bd5 Ng5 24. Rf2 Bg3 25. Ref1 Bxf2 26. Rxf2 Nxh3 27. Rh2 Nf4 28. Bf3 Nd3+ 29. Kc2 Nf4 30. Rh4 Rfg8 31. Ne4 f5 0-1

[Event "Play for Durgesh Fundraiser Blitz"]
[Site "Vishy Anand Arena"]
[Date "2020.09.19"]
[Round "1"]
[White "Karthik12"]
[Black "Prasadm"]
[Result "0-1"]
[WhiteElo "1620"]
[BlackElo "1316"]
[Annotator "NA"]
[PlyCount "32"]
[EventDate "2020.09.19"]
[EventType "swiss (blitz)"]

1. e4 e5 2. Bd3 Nc6 3. Bc4 Bc5 4. Nf3 Nf6 5. Ng5 O-O 6. Nxf7 Rxf7 7. Bxf7+ Kxf7 8. Qe2 d6 9. Qc4+ Be6 10. Qd3 Ng4 11. O-O Qh4 12. Qf3+ Kg8 13. h3 Rf8 14. d4 Rxf3 15. gxf3 Qxh3 16. dxc5 Qh2# 0-1

[Event "Play for Durgesh Fundraiser Blitz"]
[Site "Vishy Anand Arena"]
[Date "2020.09.19"]
[Round "1"]
[White "MirageFafnir"]
[Black "Suyash45"]
[Result "1-0"]
[WhiteElo "1620"]
[BlackElo "1981"]
[Annotator "NA"]
[PlyCount "61"]
[EventDate "2020.09.19"]
[EventType "swiss (blitz)"]

1. e4 c5 2. Nf3 d6 3. d4 cxd4 4. Nxd4 Nf6 5. Nc3 a6 6. Bg5 e6 7. f4 Nbd7 8. Qf3 Qc7 9. O-O-O b5 10. a3 Bb7 11. g4 Be7 12. Bxf6 Nxf6 13. g5 Nd7 14. Bh3 Rc8 15. Bxe6 fxe6 16. Nxe6 Qa5 17. Nxg7+ Kf8 18. Ne6+ Kf7 19. f5 h5 20. gxh6 Rxh6 21. Rdg1 Bf6 22. Rg3 Rxc3 23. bxc3 Qxa3+ 24. Kd2 Rh4 25. Qg2 Ne5 26. Rg7+ Ke8 27. Rxb7 Nc4+ 28. Ke2 Rxe4+ 29. Qxe4 Qxc3 30. Ng7+ Kd8 31. Qe8# 1-0